Normal view
MARC view
- Usman Ali Khan (00000204272)
Entry Personal Name
001 - CONTROL NUMBER
- control field: 116556
003 - CONTROL NUMBER IDENTIFIER
- control field: NUST
005 - DATE AND TIME OF LATEST TRANSACTION
- control field: 20230912170006.0
008 - FIXED-LENGTH DATA ELEMENTS
- fixed length control field: 230912|| aca||aabn | a|a d
040 ## - CATALOGING SOURCE
- Original cataloging agency: NUST
- Transcribing agency: NUST
100 ## - HEADING--PERSONAL NAME
- Personal name: Usman Ali Khan (00000204272)
670 ## - SOURCE DATA FOUND
- Source citation: Work cat.: (NUST): Usman Ali Khan (00000204272), Metal Organic Framework derived CeO2/rGO/CeS2 composite as efficient supercapacitor electrode /, 2021
